Ujabb dokumentumok a Madách családról
Elmentve itt :
| Szerző: | |
|---|---|
| Adatforrás: | Meister |
| Forrásdokumentuma: | A Hét. - 49 sz., 1994, 8-9 p. |
| Nyelv: | magyar |
| Kulcsszavak: | irodalomtörténet MADÁCH Imre FRÁTER Erzsébet |
| LEADER | 00396nab a2200145 i 4500 | ||
|---|---|---|---|
| 001 | bibPRO00005775 | ||
| 008 | 060524s1994 xx hun | ||
| 040 | |a Sz1 | ||
| 041 | |a hun | ||
| 100 | 1 | |a FÁBIÁN Ernő | |
| 245 | 1 | 0 | |a Ujabb dokumentumok a Madách családról |c FÁBIÁN Ernő |
| 695 | |a irodalomtörténet | ||
| 695 | |a MADÁCH Imre | ||
| 695 | |a FRÁTER Erzsébet | ||
| 773 | 0 | |t A Hét. - |g 49 sz., 1994, 8-9 p. | |